| 000 | 00732cab a2200205 4500 | ||
|---|---|---|---|
| 001 | WB2608-25 | ||
| 008 | 090401t1990 xxu||||| |||| 00| 0 eng d | ||
| 035 | _a(Sirsi) u21584 | ||
| 041 | _aeng | ||
| 245 | _aRent review | ||
| 260 | _c1990 | ||
| 350 | _a0 | ||
| 490 |
_aEGCS _v(1990) 17 |
||
| 520 | _aIn Mammoth Greeting Cards Ltd v Agra Ltd ChD 6 February 1990 it was held that the words in the underlease that the rack-rental value for rent review purposes was "conclusively fixed" at the expiration of two months from the lessor`s notice made time of the essence of the clause. | ||
| 650 | _aBUSINESS TENANCIES | ||
| 650 | _aTRIGGER NOTICE | ||
| 690 | _aLANDLORD AND TENANT-CASE LAW | ||
| 942 | _n0 | ||
| 948 | _c04/03/1997 | ||
| 999 |
_c14484 _d14484 |
||